Germany Euro 1996 Squad - Statistics

General Stats
  • This quiz has been taken 519 times
  • The average score is 12 of 23
Answer Stats
Position Club (Then) Answer % Correct
GK Bayern Munich Oliver Kahn
92%
FW Bayern Munich Jurgen Klinsmann
88%
FW Udinese Oliver Bierhoff
86%
GK Eintracht Frankfurt Andreas Kopke
77%
DF Borussia Dortmund Matthias Sammer
77%
DF Borussia Dortmund Jurgen Kohler
67%
MD Borussia Dortmund Andreas Moller
63%
MD Bayern Munich Mehmet Scholl
61%
MD Karlsruher Thomas Hassler
59%
FW Stuttgart Fredi Bobic
54%
MD Bayern Munich Christian Ziege
52%
FW Besiktas Stefan Kuntz
48%
DF Borussia Dortmund Stefan Reuter
48%
DF Bayern Munich Thomas Helmer
48%
MD Bayern Munich Mario Basler
43%
GK Werder Bremen Oliver Reck
43%
MD Werder Bremen Dieter Eilts
41%
MD Werder Bremen Marco Bode
39%
DF Bayern Munich Markus Babbel
38%
MD Bayern Munich Thomas Strunz
34%
DF Hansa Rostock Rene Schneider
28%
MD Borussia Dortmund Steffan Freund
28%
MD Freiburg Jens Todt
24%
No matching quizzes found
Score Distribution
Percent of People with Each Score
Percentile by Number Answered
Your Score History
You have not taken this quiz